Normal view
MARC view
- Supervised by Brig (R) Khan
Entry Personal Name
001 - CONTROL NUMBER
- control field: 132008
003 - CONTROL NUMBER IDENTIFIER
- control field: NUST
005 - DATE AND TIME OF LATEST TRANSACTION
- control field: 20251124122911.0
008 - FIXED-LENGTH DATA ELEMENTS
- fixed length control field: 251124|| aca||aabn | a|a d
040 ## - CATALOGING SOURCE
- Original cataloging agency: NUST
- Transcribing agency: NUST
100 ## - HEADING--PERSONAL NAME
- Personal name: Supervised by Brig (R) Khan
670 ## - SOURCE DATA FOUND
- Source citation: Work cat.: (NUST)184069: Khan, Capt Yasir (TE-42, TCC-17 B) 132007, Reconfigurable filter using FPGA /, 2009
